00873nam a2200289Ia 4500008004100000020001400041050001100055050001400066100001800080245002800098245006800126245002100194250001800215260001500233260001100248260000900259300001500268300002800283300001000311650002500321650002500346650004500371650002600416700001100442999001900453952011100472171025s9999 xx 000 0 und d a609604821 a973.04 bT454 2002 aThomas, Velma aWe shall not be moved : bthe passage from the great migration to the million man march / cby Velma Thomas. aFirst edition aNew York : bCrown, c2002 a31 pages : bcolored illustrations ; c25cm. aAfrican Americans -- aAfrican Americans -- xCivil rights -- History -- 20th century. xHistory -- 1877-1964. aTitle. c344609d344609 001040aSSISMbSSISMd2017-10-25l0oSHS 973.04 T454 2002pSSISM3662r2017-10-25 00:00:00w2017-10-25yBK